| 000 -LEADER |
| fixed length control field |
00393nam a22001457a 4500 |
| 003 - CONTROL NUMBER IDENTIFIER |
| control field |
OSt |
| 008 - FIXED-LENGTH DATA ELEMENTS--GENERAL INFORMATION |
| fixed length control field |
150215b xxu||||| |||| 00| 0 eng d |
| 041 ## - LANGUAGE CODE |
| Language code of text/sound track or separate title |
eng |
| 050 00 - LIBRARY OF CONGRESS CALL NUMBER |
| Classification number |
916675-13-0 |
| 100 1# - MAIN ENTRY--PERSONAL NAME |
| Personal name |
Harrison Horace W |
| 245 10 - TITLE STATEMENT |
| Title |
Canada's Registered Mail 1802-1909 |
| 246 10 - VARYING FORM OF TITLE |
| Title proper/short title |
From money letters through insurance for a fee |
| 260 ## - PUBLICATION, DISTRIBUTION, ETC. (IMPRINT) |
| Place of publication, distribution, etc. |
Chicago |
| Name of publisher, distributor, etc. |
Collectors' Club of Chicago |
| 300 ## - PHYSICAL DESCRIPTION |
| Extent |
0 pages |